000 00686nam a2200241 a 4500
003 AR-BaBNM
005 20251128203649.0
008 082120s2002 ||||||||||||||000 | spa||
040 _cAR-BaBNM
100 1 _aDelfino, Ambrosio
245 0 0 _aVida y muerte de Guido Boggiani
_bpintor, explorador, etnógrafo
260 _aBuenos Aires
_bEl autor
_c1982
300 _ap. om.
_bil.
500 _aContiene un breve "Homenaje a Guido Boggiani" de Gabriel D'Annunzio a modo de prólogo
650 4 _aBIOGRAFIAS
650 4 _aPINTORES
650 4 _aETNOGRAFIA
650 4 _aARTES PLASTICAS
650 4 _aARTE CONTEMPORANEO
655 _aBIOGRAFIAS
942 _cBK
998 _cMARTIN
999 _c4387
_d4387